000 00716nam a2200253Ia 4500
003 OSt
005 20220927105028.0
006 a|||||r|||| 00| 0
007 ta
008 220926b |||||||| |||| 00| 0 eng d
024 _a187648
037 _cReference Collections
040 _aRTL
_cRTL
_beng
041 _2eng
_aeng
082 _a"2.7361.N68r, K9"
110 _aLIBRARY OF CONGRESS
_9369628
245 0 _aAnnual report 1968
260 _aWashington
_bLibrary of Congress
_c1969
300 _a"xv,149p"
_ccm.
500 _aAppendix: 91-136P
700 _aLIBRARY OF CONGRESS
_9369629
942 _h"2.7361.N68r, K9"
_cCC
999 _c690326
_d690326